|
|
|
|
| LEADER |
00000nam0a2200000 4500 |
| 001 |
289893 |
| 005 |
20231102000230.0 |
| 020 |
|
|
|a RU
|b 83-77937
|
| 035 |
|
|
|a (RuTPU)RU\TPU\book\314414
|
| 090 |
|
|
|a 289893
|
| 100 |
|
|
|a 20150403d1983 k y0rusy5003 ca
|
| 101 |
0 |
|
|a rus
|
| 102 |
|
|
|a UA
|
| 105 |
|
|
|a a z 001zy
|
| 200 |
1 |
|
|a Прочность и хрупкость конструкционной легированной стали
|f Б. Б. Винокур, В. Л. Пилюшенко
|g Академия наук Украинской ССР (АН УССР), Институт проблем литья
|
| 210 |
|
|
|a Киев
|c Наукова думка
|d 1983
|
| 215 |
|
|
|a 283 с.
|c ил.
|d 22 см
|
| 320 |
|
|
|a Библиогр.: с. 271-283
|
| 606 |
|
|
|a Сталь конструкционная
|x Прочность
|2 stltpush
|3 (RuTPU)RU\TPU\subj\56474
|9 74381
|
| 606 |
1 |
|
|a Сталь конструкционная
|2 stltpush
|3 (RuTPU)RU\TPU\subj\72649
|9 86070
|
| 610 |
1 |
|
|a прочность
|
| 610 |
1 |
|
|a хрупкость
|
| 610 |
1 |
|
|a хрупкое разрушение
|
| 610 |
1 |
|
|a цементированная сталь
|
| 610 |
1 |
|
|a ударная вязкость
|
| 610 |
1 |
|
|a хладноломкость
|
| 610 |
1 |
|
|a термическая обработка
|
| 610 |
1 |
|
|a влияние
|
| 675 |
|
|
|a 669.14.018.29
|z rus
|v 4
|
| 700 |
|
1 |
|a Винокур
|b Б. Б.
|g Бертольд Бенционович
|4 070
|
| 701 |
|
1 |
|a Пилюшенко
|b В. Л.
|g Виталий Лаврентьевич
|4 070
|
| 712 |
0 |
2 |
|a Академия наук Украинской ССР (АН УССР)
|b Институт проблем литья
|2 stltpush
|3 (RuTPU)RU\TPU\col\11734
|
| 801 |
|
0 |
|a RU
|b RuMRKP
|c 19950704
|g psbo
|
| 801 |
|
1 |
|a RU
|b 63413507
|c 20150403
|
| 801 |
|
2 |
|a RU
|b 63413507
|c 20180411
|g RCR
|
| 942 |
|
|
|c BK
|